Basic mechanical engineering (Record no. 397093)

MARC details
000 -LEADER
fixed length control field 00504 a2200205 4500
005 - DATE & TIME
control field 20260407130458.0
008 - FIXED-LENGTH DATA ELEMENTS--GENERAL INFORMATION
fixed length control field 260407b |||||||| |||| 00| 0 eng d
020 ## - ISBN
International Standard Book Number 9789386873293
Price Rs. 620.00
040 ## - CATALOGING SOURCE
Original cataloging agency VIVEKANANDA LIBRARY
082 ## - DDC NUMBER
Classification number 621
Book Number P898B(2)
100 ## - MAIN ENTRY--PERSONAL NAME
Personal name Pravin Kumar
245 ## - TITLE STATEMENT
Title Basic mechanical engineering
250 ## - EDITION STATEMENT
Edition statement 2nd
260 ## - PUBLICATION, DISTRIBUTION, ETC. (IMPRINT)
Name of publisher, distributor, etc Pearson India
Place of publication, distribution, etc Noida
Date of publication, distribution, etc 2025
300 ## - PHYSICAL DESCRIPTION
Pages xxix, 749
650 ## - Subject
Subject Engineering
650 ## - Subject
Subject Mechanical Engineering
650 ## - Subject
Subject Energy
942 ## - ADDED ENTRY ELEMENTS (KOHA)
Koha item type Books
Holdings
Withdrawn status Lost status Source of classification or shelving scheme Damaged status Not for loan Location (home branch) Sublocation or collection (holding branch) Shelving location Date acquired Koha issues (times borrowed) Koha full call number Accession No. Koha date last seen Koha item type
    Dewey Decimal Classification     VIVEKANANDA LIBRARY VIVEKANANDA LIBRARY UIET Library 25/03/2026   621 P898B(2) 431183 25/03/2026 Books
    Dewey Decimal Classification     VIVEKANANDA LIBRARY VIVEKANANDA LIBRARY UIET Library 25/03/2026   621 P898B(2) 431186 25/03/2026 Books
    Dewey Decimal Classification     VIVEKANANDA LIBRARY VIVEKANANDA LIBRARY UIET Library 25/03/2026   621 P898B(2) 431187 25/03/2026 Books
    Dewey Decimal Classification     VIVEKANANDA LIBRARY VIVEKANANDA LIBRARY UIET Library 25/03/2026   621 P898B(2) 431184 25/03/2026 Books
    Dewey Decimal Classification     VIVEKANANDA LIBRARY VIVEKANANDA LIBRARY UIET Library 25/03/2026   621 P898B(2) 431185 25/03/2026 Books
© Designed and Maintained by Vivekananda Library, MDU Rohtak